Perspectives on modernization : toward a general theory of Third World development /

Bibliographic Details
Main Author: Abraham, M. Francis
Format: Book
Language:English
Published: Washington, D.C. : University Press of America, [1980]
Subjects:

MARC

Tag First Indicator Second Indicator Subfields
LEADER 00000pam a2200000 i 4500
001 in00000665658
005 20151015085845.0
008 791211s1980 dcu b 00010 eng
010 |a  79006811  
020 |a 0819109614 :  |c $9.75 
035 |a (OCoLC)05846393 
035 |9 ACY3637AM 
040 |a DLC  |c DLC  |d TXA  |d UtOrBLW 
049 |a TXAM  |c [1161071] 
050 0 0 |a HN980  |b .A27 
082 0 |a 303.4 
100 1 |a Abraham, M. Francis. 
245 1 0 |a Perspectives on modernization :  |b toward a general theory of Third World development /  |c M. Francis Abraham. 
264 1 |a Washington, D.C. :  |b University Press of America,  |c [1980] 
264 4 |c ©1980 
300 |a iv, 254 pages ;  |c 23 cm. 
336 |a text  |b txt  |2 rdacontent 
337 |a unmediated  |b n  |2 rdamedia 
338 |a volume  |b nc  |2 rdacarrier 
504 |a Includes bibliographies. 
651 0 |a Developing countries. 
650 0 |a Social change. 
999 |a MARS 
999 f f |s f65ca6e5-b4f3-39f0-b13b-aa529a3104b1  |i db11a7fb-8d4b-3786-84f1-8c234fcf7daf  |t 0 
952 f f |p ric  |a Texas A&M University  |b Rellis Campus  |c Joint Library Facility  |d Remote Storage  |t 0  |e HN980 .A27  |h Library of Congress classification  |i unmediated -- volume  |m A14802948510 
998 f f |a HN980 .A27  |t 0  |l Remote Storage